Annual report on the unincorporated enterprise survey 1972
Đã lưu trong:
| Định dạng: | Sách |
|---|---|
| Ngôn ngữ: | Undetermined |
| Được phát hành: |
[Tokyo]
Satistics Bureau Management and Coordination Agency Japan
1973
|
| Những chủ đề: | |
| Các nhãn: |
Thêm thẻ
Không có thẻ, Là người đầu tiên thẻ bản ghi này!
|
| Thư viện lưu trữ: | Trung tâm Học liệu Trường Đại học Cần Thơ |
|---|
| LEADER | 00561nam a2200193Ia 4500 | ||
|---|---|---|---|
| 001 | CTU_105317 | ||
| 008 | 210402s9999 xx 000 0 und d | ||
| 082 | |a 381.1952 | ||
| 082 | |b A613 | ||
| 245 | 0 | |a Annual report on the unincorporated enterprise survey 1972 | |
| 260 | |a [Tokyo] | ||
| 260 | |b Satistics Bureau Management and Coordination Agency Japan | ||
| 260 | |c 1973 | ||
| 650 | |a Industries,Japan | ||
| 650 | |x Commerce,Periodicals | ||
| 650 | |y 1945- | ||
| 650 | |z Japan | ||
| 904 | |i Năm | ||
| 980 | |a Trung tâm Học liệu Trường Đại học Cần Thơ | ||